=LDR 00000nam 2200000 4500 =001 INLIS000000000036541 =005 20130612142325 =008 ***********************************Ind** =035 ##$$0010-061300000036541 =041 ##$$a Ind =082 ##$$a 364 =090 ##$$a 364, Jef m =100 ##$$a Jeffrey, Gary =245 ##$$a membakar misteri kriminal melacak bukti, Gary Jeffrey ; alih bahasa, Fransiska Dyah H =260 ##$$a 2008 $b Jakarta =300 ##$$a 48 hlm, ilus, 24 cm =650 ##$$a Kriminologi =850 ##$$a NBPNMAT